| 000 | 00642nam a2200205 ar4500 | ||
|---|---|---|---|
| 001 | 4041 | ||
| 005 | 20221127090851.0 | ||
| 008 | 141210s xxk a 00110|eng d | ||
| 020 |
_a9781292039367(pbk) : _cSR295.00 |
||
| 082 | 0 | 4 |
_a005.5 _bL479 2014 |
| 245 | 0 | 0 |
_aLearning Microsoft Office 2010 / _c[Lisa Bucki ... [et al.]]. |
| 250 | _a1st ed. | ||
| 260 |
_aHarlow, England : _bPearson Education, _c2014. |
||
| 300 |
_a919 p. : _bcol. ill. ; _c28 cm. _e4CDs. |
||
| 500 | _aIncludes index. | ||
| 650 | 4 | _aMicrosoft Office. | |
| 650 | 4 |
_aBusiness _xComputer programs. |
|
| 650 | 4 |
_aProject management _xComputer programs. |
|
| 700 | 0 | _aBucki, Lisa. | |
| 999 |
_c4039 _d4039 |
||